| 000 | 00728cam a22002294a 4500 | ||
|---|---|---|---|
| 005 | 20250605164159.0 | ||
| 008 | 250528s ||||||||||||||||||||||||d | ||
| 035 | _a19723 | ||
| 020 | _a9604180916 | ||
| 040 |
_aGR-AtMCL _bgre _dGR-AtMCL _eAACR2 |
||
| 245 | 1 | _aSPICE / ΕΝΑ ΜΠΑΧΑΡΙΚΟ ΓΙΑ ΚΑΛΥΤΕΡΟ ΜΑΓΕΙΡΕΜΑ ΚΥΚΛΩΜΑΤΩΝ | |
| 250 | _a1 | ||
| 260 |
_bΤζιολας, _c2006 |
||
| 300 | _a428 | ||
| 700 | 1 |
_aΑμπου-Φαρχα Σαμι _95926 |
|
| 700 | 1 |
_aΚωνσταντινου Δημητρης _95927 |
|
| 700 | 1 |
_aΜποντζιος Γιωργος _95928 |
|
| 700 | 1 |
_aΧατζοπουλος Αλκιβιαδης _95929 |
|
| 942 | _cBK | ||
| 999 |
_c4979 _d4979 |
||